|
|
|
|
| LEADER |
00848nam a22002051 4500 |
| 001 |
c000365542 |
| 003 |
CARM |
| 005 |
00000000000000.0 |
| 008 |
851211s1957 gw 1 ger d |
| 019 |
1 |
|
|a 8745625
|z 4163040
|5 LACONCORD2021
|
| 035 |
|
|
|a (OCoLC)341638
|5 LACONCORD2021
|
| 100 |
1 |
|
|a Lockemann, Fritz.
|
| 245 |
1 |
0 |
|a Gestalt und Wandlungen der deutschen Novelle :
|b Geschichte einer literarischen Gattung im neunzehnten und zwanzigsten Jahrhundert.
|
| 260 |
|
|
|a Munchen :
|b Hueber,
|c 1957.
|
| 650 |
|
0 |
|a Short stories, German
|y 20th century.
|
| 650 |
|
0 |
|a German short stories
|y 19th century.
|
| 852 |
8 |
|
|b CARM
|h A2:AQ15A0
|i B07041
|p 0346084
|f BK
|
| 082 |
0 |
4 |
|a 833.8
|
| 999 |
f |
f |
|i cf637d77-e053-5078-ac93-74a953ec422c
|s 04a36be4-ac65-551c-a612-12b14fcb792c
|
| 952 |
f |
f |
|p Can circulate
|a CAVAL
|b CAVAL
|c CAVAL
|d CARM 1 Store
|e B07041
|f A2:AQ15A0
|h Other scheme
|i book
|m 0346084
|